[Event "CRO-ch Men 2018"]
[Site "Pozega"]
[Date "2018.04.19"]
[Round "3.1"]
[White "Palac, Mladen"]
[Black "Kuljasevic, Davorin"]
[Result "1/2-1/2"]
[WhiteElo "2551"]
[BlackElo "2538"]
[Annotator "TA"]
[PlyCount "51"]
[EventDate "2018.??.??"]
[EventType "tourn"]
[EventCountry "CRO"]
[SourceTitle "playchess.com"]
[Source "ChessBase"]
[SourceQuality "1"]

{[%evp 31,33,18,30,17]} 1. e4 e5 2. Nf3 Nc6 3. Bb5 {[%cal Bf1b5,Bb5a4,Ba4b3][%mdl 32]} a6 4. Ba4 Nf6 5. O-O Be7 6. Re1 b5 7. Bb3 d6 8. c3 O-O 9. h3 Re8 10. Ng5 Rf8 11. Nf3 Re8 12. d4 Bb7 13. Ng5 Rf8 14. Nf3 Re8 15. Nbd2 Bf8 16. a3 g6 {LiveBook: 142 Games} 17. Ba2 {[#] C92: Closed Ruy Lopez: 9...Be6, Karpov and Flohr-Zaitsev Variations} {Predecessor:} Bg7 $146 18. b4 exd4 19. cxd4 a5 20. Qb3 Qd7 21. Bb2 axb4 22. axb4 Ra4 23. Bc3 Nh5 24. Bb1 Rxa1 25. Bxa1 Nf4 26. Bc3 {1-0 (77) Inarkiev,E (2723)-Oparin,G (2625) Moscow 2017} 1/2-1/2

[Event "CRO-ch Men 2018"]
[Site "Pozega"]
[Date "2018.04.19"]
[Round "3.2"]
[White "Fercec, Nenad"]
[Black "Jovanovic, Zoran"]
[Result "1/2-1/2"]
[WhiteElo "2446"]
[BlackElo "2536"]
[Annotator "TA"]
[PlyCount "36"]
[EventDate "2018.??.??"]
[EventType "tourn"]
[EventCountry "CRO"]
[SourceTitle "playchess.com"]
[Source "ChessBase"]
[SourceQuality "1"]

{[%evp 16,36,8,0,19,-9,0,0,0,0,0,0,7,7,1,8,19,16,18,20,13,0,0]} 1. e4 g6 2. d4 Bg7 3. Nc3 c6 4. Nf3 d6 5. h3 Nf6 6. Bd3 O-O 7. O-O Nbd7 8. Re1 {B08: Pirc Defence: Classical System} (8. e5 Ne8 9. Bf4 dxe5 10. dxe5 Nc5 11. Qd2 Bf5 12. Bxf5 Qxd2 13. Bxd2 gxf5 14. Bg5 f6 15. exf6 Nxf6 {½-½ (46) Gabuzyan,H (2578)-Petrosian,T (2643) Golden Sands 2015}) 8... e5 9. Bf1 {LiveBook: 4 Games. The position is equal.} Qc7 10. Be3 b5 11. dxe5 dxe5 12. Nd2 $146 ({Predecessor:} 12. a3 Bb7 13. Nd2 a6 14. g4 Rfd8 15. Qe2 Nf8 16. f3 {½-½ (44) Most,Z (2055)-Karlik,V (2312) Rychnov 2012}) 12... a6 13. a4 {[%cal Ra4b5]} Bb7 14. f3 Nh5 15. Nb3 Rfd8 16. Qe2 Nf4 17. Qf2 Ne6 18. Ne2 Bf8 {Precision: White = 65%, Black = 59%.} 1/2-1/2

[Event "CRO-ch Men 2018"]
[Site "Pozega"]
[Date "2018.04.19"]
[Round "3.3"]
[White "Kozul, Zdenko"]
[Black "Brkic, Ante"]
[Result "1-0"]
[WhiteElo "2611"]
[BlackElo "2596"]
[Annotator "TA"]
[PlyCount "79"]
[EventDate "2018.??.??"]
[EventType "tourn"]
[EventCountry "CRO"]
[SourceTitle "playchess.com"]
[Source "ChessBase"]
[SourceQuality "1"]

{[%evp 15,79,0,28,0,0,-10,-17,-18,-17,-28,-18,-31,-6,-2,-14,-17,0,0,0,11,12,14,5,5,5,5,12,5,5,6,8,8,24,22,21,22,22,16,18,2,8,10,9,2,8,8,28,23,312,301,29981,29982,29970,10920,29989,29990,29990,29991,29993,29994,29994,29995,29996,29997,29997,29998]} 1. Nf3 Nf6 2. c4 e6 3. g3 d5 4. b3 Be7 5. Bb2 a5 {[%cal Ba7a5,Ba5a4][%mdl 32]} 6. Bg2 {A13: English Opening: 1...e6} a4 7. Na3 O-O 8. O-O b6 {LiveBook: 7 Games} (8... c6 9. d3 Qb6 10. e3 Nbd7 11. d4 Qa5 12. Nd2 Re8 13. Nc2 b6 14. Rb1 {½-½ (22) Apicella,M (2541)-Gharamian,T (2671) Cappelle-la-Grande 2012}) 9. Ne5 Bb7 10. d3 Nbd7 11. Nxd7 Qxd7 12. Qd2 $146 ({Predecessor:} 12. Qc2 Ra5 13. Qd2 c5 {0-1 (41) Maric,A (2355)-Conquest,S (2515) Palma de Mallorca 1989}) 12... c5 13. Rab1 Bc6 14. Bxf6 Bxf6 15. b4 cxb4 16. Qxb4 Be7 17. Qb2 Bxa3 18. Qxa3 dxc4 19. Bxc6 Qxc6 20. Rfc1 b5 21. dxc4 bxc4 22. Rb4 Rfc8 23. Qc3 {[%cal Rb4c4]} Qd6 24. Rxc4 Rxc4 25. Qxc4 $11 {[%mdl 4096] Endgame KQR-KQR} g6 26. Qe4 Ra5 27. e3 Qd2 28. Rc8+ Kg7 29. Qc2 $36 {[%mdl 2048] White has the initiative.} Rd5 30. Qc3+ Kh6 31. Rc7 Qxa2 $2 {[%mdl 8192]} (31... Qxc3 $11 {and Black has nothing to worry.} 32. Rxc3 Kg5) 32. Rxf7 $18 {[#] White threatens Qg7+ and mate.} Rf5 $2 (32... Qb1+ $18 33. Kg2 Qe4+ 34. f3 Qe5) 33. Qg7+ Kg5 34. f3 {[%cal Bf2f3,Bf3f4][%mdl 32] h4+ would kill now.} Rxf7 35. h4+ {White mates.} Kh5 36. Qxf7 {[%cal Rf7h7]} Qa1+ 37. Kg2 {[%cal Rf7h7]} Kh6 38. g4 ({Not} 38. Qf8+ Qg7 $16) 38... g5 39. f4 {[%csl Gf4][%cal Rh4g5]} Qb2+ 40. Kh3 {Precision: White = 67%, Black = 38%.} 1-0

[Event "CRO-ch Men 2018"]
[Site "Pozega"]
[Date "2018.04.19"]
[Round "3.4"]
[White "Saric, Ante"]
[Black "Bosiocic, Marin"]
[Result "1/2-1/2"]
[WhiteElo "2541"]
[BlackElo "2605"]
[Annotator "TA"]
[PlyCount "98"]
[EventDate "2018.??.??"]
[EventType "tourn"]
[EventCountry "CRO"]
[SourceTitle "playchess.com"]
[Source "ChessBase"]
[SourceQuality "1"]

{[%evp 9,98,32,35,15,37,33,46,41,46,22,29,8,10,14,9,7,20,25,32,28,53,45,56,52,52,55,59,51,59,58,50,52,62,49,64,29,41,5,9,0,0,0,0,-9,-6,-15,0,-16,-2,-14,0,-9,0,0,-1,-9,0,0,0,0,0,0,0,0,0,0,4,0,0,0,0,0,0,0,0,-3,0,0,12,0,0,0,0,0,8,8,8,0,0,0,0]} 1. Nf3 Nf6 2. c4 b6 3. b3 (3. d4 Bb7 4. g3 g6 5. Bg2 Bg7 6. O-O O-O 7. Nc3 Ne4 8. Bd2 e6 9. Nxe4 Bxe4 10. Bc3 c5 11. Rc1 Nc6 12. e3 Qc7 13. Qd2 Qb7 14. Ne1 cxd4 15. exd4 Ne7 {½-½ (43) Lenic,L (2662)-Vachier Lagrave,M (2789) chess.com INT 2018}) 3... Bb7 4. Bb2 Bxf3 5. gxf3 e6 6. f4 {A15: English Opening: 1...Nf6} g6 $146 ({Predecessor:} 6... d5 7. Rg1 c6 8. e3 Nbd7 9. Nc3 Qc7 10. Rc1 d4 {1-0 (32) Royset,J (2249)-Hoejgaard,S Norway 1999}) 7. Bg2 Nc6 8. Nc3 {White is slightly better.} Bg7 9. Rc1 O-O 10. e3 Rb8 11. Ne2 Ne7 12. Ng3 c5 13. d4 cxd4 14. Bxd4 {And now Be5 would win.} Nc6 15. Bc3 Qe7 16. O-O Rfd8 17. Qe2 Ne8 18. Rfd1 f5 19. Bxg7 Qxg7 20. c5 Rdc8 21. Qd2 Nf6 22. Qd6 {Bxc6 is the strong threat.} Qf8 23. cxb6 Rxb6 {The position is equal.} 24. Rc4 (24. Qd2 {keeps more tension.} Nb4 25. Ne2 Rxc1 26. Rxc1 Ra6 27. a4) 24... Qxd6 25. Rxd6 Kf8 26. Ne2 Ke7 27. Rd2 Kd8 28. Ra4 a6 29. Bf3 Rc7 30. Kg2 Kc8 31. Rc4 d5 32. Rc3 Ne8 33. h4 Nb4 34. a3 Nc6 35. Rdc2 Kd7 36. b4 a5 37. bxa5 Nxa5 38. Nd4 Rxc3 39. Rxc3 Nd6 40. Rc5 Ra6 41. h5 gxh5 42. Rc1 Nac4 43. Rh1 Ne8 44. Rxh5 Nf6 45. Rg5 Nxa3 46. Rg7+ Ke8 47. Be2 Rb6 48. Bd3 h5 49. Ra7 Nc4 {Precision: White = 65%, Black = 59%.} 1/2-1/2

[Event "CRO-ch Men 2018"]
[Site "Pozega"]
[Date "2018.04.19"]
[Round "3.5"]
[White "Stevic, Hrvoje"]
[Black "Saric, Ivan"]
[Result "1/2-1/2"]
[WhiteElo "2587"]
[BlackElo "2677"]
[Annotator "TA"]
[PlyCount "48"]
[EventDate "2018.??.??"]
[EventType "tourn"]
[EventCountry "CRO"]
[SourceTitle "playchess.com"]
[Source "ChessBase"]
[SourceQuality "1"]

{[%evp 29,48,0,3,0,0,7,7,0,0,0,0,0,0,0,0,0,0,0,0,0,0]} 1. e4 e5 2. Nf3 Nc6 3. Nc3 Nf6 4. d4 exd4 5. Nxd4 Bb4 6. Nxc6 bxc6 7. Bd3 O-O 8. O-O Re8 9. Bg5 {[%cal Bc1g5,Bg5h4,Bh4g3][%mdl 32]} h6 10. Bh4 Bxc3 11. bxc3 g5 12. Bg3 Nxe4 {C47: Scotch Four Knights and Four Knights with 4 g3} 13. Qh5 d6 14. f4 Bf5 15. Bxe4 Bxe4 {LiveBook: 3 Games. The position is equal.} 16. fxg5 Qxg5 17. Qxf7+ Kh8 18. Qxc7 Bxg2 $1 19. Kxg2 Re2+ 20. Rf2 Rxf2+ 21. Kxf2 Rf8+ 22. Kg2 Qd5+ 23. Kg1 {[#]} Qc5+ $146 24. Kg2 Qd5+ 1/2-1/2

[Event "CRO-ch Men 2018"]
[Site "Pozega"]
[Date "2018.04.19"]
[Round "3.6"]
[White "Martinovic, Sasa"]
[Black "Kovacevic, Blazimir"]
[Result "1/2-1/2"]
[WhiteElo "2594"]
[BlackElo "2493"]
[Annotator "TA"]
[PlyCount "37"]
[EventDate "2018.??.??"]
[EventType "tourn"]
[EventCountry "CRO"]
[SourceTitle "playchess.com"]
[Source "ChessBase"]
[SourceQuality "1"]

{[%evp 11,37,-3,0,-22,-9,-18,-25,-36,-34,-40,-37,-30,-26,-44,-53,-56,-40,-41,-35,-38,-33,-33,-27,-21,0,-27,0,0]} 1. d4 e6 2. e4 d5 3. Bd3 dxe4 4. Bxe4 Nf6 5. Bf3 Bd6 6. Ne2 {C01: French: Exchange Variation} O-O {LiveBook: 9 Games} 7. Na3 $146 ({Find the theoretical novelty and annotate with similar games:} 7. Nbc3 c6 8. Bg5 Nbd7 9. Qd2 Qa5 10. O-O-O Nd5 11. Nxd5 Qxd2+ 12. Rxd2 cxd5 13. Bf4 Bb4 {0-1 (70) Onischuk,V (2612)-Nikolic,P (2603) Berlin 2015}) 7... Bxa3 8. bxa3 e5 9. Bg5 Nbd7 {[%cal Bb8d7,Bd7e5,Be5g4][%mdl 32]} 10. O-O h6 11. Bxf6 $1 Qxf6 12. Rb1 c6 13. Re1 exd4 14. Qxd4 Ne5 15. Be4 Rd8 16. Qc3 Ng4 17. Bf3 Ne5 18. Be4 Ng4 19. Bf3 {Precision: White = 74%, Black = 83%.} 1/2-1/2

[Event "CRO-ch Men 2018"]
[Site "Pozega"]
[Date "2018.04.20"]
[Round "4.1"]
[White "Kuljasevic, Davorin"]
[Black "Kovacevic, Blazimir"]
[Result "1/2-1/2"]
[WhiteElo "2538"]
[BlackElo "2493"]
[Annotator "TA"]
[PlyCount "111"]
[EventDate "2018.??.??"]
[EventType "tourn"]
[EventCountry "CRO"]
[SourceTitle "playchess.com"]
[Source "ChessBase"]
[SourceQuality "1"]

{[%evp 9,111,6,29,33,33,26,38,37,29,21,23,0,7,0,31,23,78,31,36,41,70,56,107,55,64,52,58,41,59,53,54,60,83,30,60,34,51,21,56,45,45,54,57,0,74,85,92,38,175,172,178,169,178,188,266,249,291,297,272,281,339,352,297,0,166,150,218,227,213,223,175,138,136,145,149,110,347,341,283,337,320,262,247,197,436,350,275,62,62,62,63,8,8,0,8,0,0,0,0,0,0,0,0,0]} 1. d4 Nf6 2. c4 e6 3. Nf3 d5 4. Nc3 Nbd7 5. Qc2 dxc4 6. e4 {D37: Queen's Gambit Declined: 5 Bf4} c5 7. dxc5 Bxc5 8. Bxc4 {White is slightly better.} Qc7 9. Qe2 Ne5 $146 ({Predecessor:} 9... O-O 10. O-O Ne5 11. Bf4 Bd6 12. Bxe5 Bxe5 13. Nxe5 Qxe5 {½-½ (49) Bluebaum,M (2626)-Tomashevsky,E (2731) Baku 2016}) 10. Bb5+ Bd7 11. Bf4 Bd6 {Threatens to win with ...Nxf3+.} 12. O-O-O Nd3+ (12... a6 $11 13. Bxd7+ Nfxd7) 13. Rxd3 (13. Bxd3 {looks sharper.} Bxf4+ 14. Kb1 Bh6 15. h4 O-O 16. e5) 13... Bxf4+ 14. Kb1 {And now e5 would win.} O-O 15. g3 Bh6 16. Rhd1 (16. Bxd7 $16 {Black must now prevent Ba4.} Nxd7 17. Nb5) 16... Bc6 $1 $14 17. Bxc6 bxc6 18. Nd2 Bxd2 19. R1xd2 Rad8 20. f3 h6 21. Qe3 ({White should play} 21. Na4 $16) 21... Rxd3 22. Rxd3 Rb8 23. Qc5 Qb7 {[%csl Gb8][%cal Rb7b2]} 24. b3 Qa6 25. Kc2 Rc8 26. g4 (26. h4 $14) 26... Nh7 (26... Nd5 $11 {remains equal.}) 27. h4 $16 {[%cal Bh2h4,Bh4h5][%mdl 32]} Nf8 28. h5 $36 {[%mdl 2048] White has the initiative.} Nh7 ({Better is} 28... Re8 $14) 29. e5 $1 $18 Nf8 30. a4 Rb8 31. Ne4 Nh7 (31... Rc8 {is a better defense.} 32. f4 Ra8) 32. f4 Nf8 33. g5 hxg5 34. fxg5 Qb7 35. Nd6 Qe7 36. Ne4 (36. Qg1 $142) 36... Qb7 $1 37. Rc3 Nd7 (37... Qb4 $16 {keeps fighting.} 38. Qxb4 (38. Qxc6 Qa3 $11) 38... Rxb4) 38. Qxc6 Qb4 39. g6 Nxe5 40. Qc8+ Rxc8 41. Rxc8+ Qf8 42. gxf7+ Nxf7 $2 (42... Kxf7 $16 {was called for.} 43. Ng5+ (43. Rxf8+ Kxf8 44. b4 Ke8 $16) 43... Kg8 44. Rxf8+ Kxf8) 43. Rxf8+ Kxf8 $16 {[%mdl 4096] Endgame KN-KN} 44. Kc3 Ke7 45. Kd4 Kd7 46. Kc5 $1 Ne5 $2 {[#]} (46... Nd8 47. b4 Nc6) 47. Kb5 $1 $18 Kc7 {[#]} 48. b4 $2 ({White has to play} 48. Nc5 $1 $18) 48... Nd3 $1 $14 49. Nc5 Nf4 50. Ka6 (50. a5 $1 $14 Nxh5 51. Nxe6+ Kb7 52. a6+ Ka8 53. Kc6) 50... Kb8 $11 {The position is equal.} 51. b5 Nxh5 52. a5 Nf6 53. b6 axb6 54. axb6 g5 55. Kb5 Nd5 56. Nxe6 {Precision: White = 53%, Black = 51%.} 1/2-1/2

[Event "CRO-ch Men 2018"]
[Site "Pozega"]
[Date "2018.04.20"]
[Round "4.2"]
[White "Saric, Ivan"]
[Black "Martinovic, Sasa"]
[Result "1-0"]
[WhiteElo "2677"]
[BlackElo "2594"]
[Annotator "TA"]
[PlyCount "97"]
[EventDate "2018.??.??"]
[EventType "tourn"]
[EventCountry "CRO"]
[SourceTitle "playchess.com"]
[Source "ChessBase"]
[SourceQuality "1"]

{[%evp 29,97,36,42,43,26,42,45,37,39,20,20,20,25,37,29,0,0,0,0,0,12,14,14,14,14,16,23,0,0,0,67,67,67,61,76,70,144,155,111,96,291,297,788,788,730,647,1641,1575,2304,1968,1413,953,920,904,1068,755,1604,1924,1704,1624,1893,1137,1252,860,5860,583,5531,2284,1570,1576]} 1. e4 e6 2. d4 d5 3. Nc3 Bb4 4. e5 Ne7 5. a3 Bxc3+ 6. bxc3 c5 7. Qg4 Qc7 8. Qxg7 Rg8 9. Qxh7 cxd4 10. Ne2 Nbc6 11. f4 dxc3 {C18: French: 3 Nc3 Bb4: Main line: 7 h4 and 7 Qg4} 12. h4 {[%cal Bh2h4,Bh4h5,Bh5h6,Bh6h7][%mdl 32]} (12. Nxc3 Nd4 13. Bb2 Bd7 14. O-O-O Qb6 15. Qd3 Ndf5 16. Rd2 Rc8 17. g3 Ne3 18. Ne4 Rxc2+ 19. Rxc2 dxe4 20. Qxe4 Nxc2 21. Qxc2 {½-½ (31) Giri,A (2752)-Carlsen,M (2834) Wijk aan Zee 2018}) 12... Bd7 13. h5 O-O-O 14. Qd3 d4 15. h6 Rg6 {LiveBook: 7 Games} 16. h7 Rh8 17. Nxd4 Nxd4 18. Qxd4 Bc6 19. Rh2 {[#]} Rg7 $146 20. Qxa7 {Strongly threatening Bd3.} Rgxh7 21. Rxh7 Rxh7 22. Qa8+ Qb8 23. Qxb8+ Kxb8 24. Be3 Rh1 {...Bxg2 is the strong threat.} 25. Kf2 Nd5 26. Rd1 Ba4 27. Be2 Rh2 $1 28. Rxd5 exd5 $11 {[%mdl 4096] Endgame KRB-KB} 29. Bd3 d4 ({Black should try} 29... Rh1 $11) 30. Bxd4 $14 Bc6 31. Bf1 Be4 32. Bxc3 Bxc2 (32... Kc8 $14) 33. Bc4 $16 Rh7 34. g4 Rh3 $2 (34... Kc7 $16 {was necessary.}) 35. Bb4 $18 Bd1 $2 (35... Rh7 36. Kg3 Kc7) 36. Bxf7 {White is clearly winning.} Bxg4 {[#]} 37. e6 $1 Rf3+ 38. Kg2 Re3 39. e7 Bd7 40. Kf2 Re4 41. Bd6+ Ka7 42. Be5 Kb6 43. e8=Q Bxe8 44. Bxe8 Kc5 45. Kf3 Re1 46. a4 b6 47. Kg4 (47. Bb5 $142 Rc1 48. Bc7) 47... Rg1+ 48. Kf5 Rg8 49. Bd7 {Precision: White = 75%, Black = 33%.} 1-0

[Event "CRO-ch Men 2018"]
[Site "Pozega"]
[Date "2018.04.20"]
[Round "4.3"]
[White "Bosiocic, Marin"]
[Black "Stevic, Hrvoje"]
[Result "0-1"]
[WhiteElo "2605"]
[BlackElo "2587"]
[Annotator "TA"]
[PlyCount "58"]
[EventDate "2018.??.??"]
[EventType "tourn"]
[EventCountry "CRO"]
[SourceTitle "playchess.com"]
[Source "ChessBase"]
[SourceQuality "1"]

{[%evp 21,58,0,0,0,0,0,0,0,0,0,0,0,0,0,0,0,0,-120,-77,-125,-120,-116,-107,-503,-487,-500,-495,-487,-434,-476,-485,-501,-404,-414,-412,-396,-391,-512,-489]} 1. d4 d5 2. c4 dxc4 3. e4 Nf6 {[%cal Bg8f6,Bf6d5,Bd5b6][%mdl 32]} 4. e5 Nd5 5. Bxc4 Nb6 6. Bd3 Nc6 7. Ne2 Bg4 8. Be3 {D20: Queen's Gambit Accepted: 3 e3 and 3 e4} Qd7 9. Nbc3 O-O-O 10. O-O Nxe5 11. Bb5 Nc6 {LiveBook: 3 Games} 12. f3 Bf5 13. Rc1 a6 14. Bxc6 $1 Qxc6 15. Bf4 Rd7 {[#]} 16. Ne4 $146 Bxe4 17. Rxc6 Bxc6 18. Qd3 Bb5 19. Qd2 {[#]} (19. Qe4 $11 {keeps the balance.}) 19... e5 $1 $17 {[%cal Re5f4,Be7e5,Be5d4,Bd4d3,Bd3d2][%mdl 32]} 20. Bg3 exd4 {And now ...Bc5 would win.} 21. Rc1 d3 22. Nf4 $2 {[%mdl 8192]} (22. Nd4 $17 {is tougher.}) 22... Nc4 $19 23. Qc3 d2 24. Rd1 {White wants to play b3.} Bd6 {[%cal Bf8d6,Bd6e5,Be5d4][%mdl 32]} 25. a4 Be5 26. Qb4 {[#]} Bxa4 $1 {[%mdl 512]} 27. b3 {[#]} (27. Qxa4 Nxb2) 27... Bxb3 $1 {[%mdl 512]} 28. Qxb3 Nb2 29. Nd5 Bd4+ {Precision: White = 50%, Black = 91%.} 0-1

[Event "CRO-ch Men 2018"]
[Site "Pozega"]
[Date "2018.04.20"]
[Round "4.4"]
[White "Brkic, Ante"]
[Black "Saric, Ante"]
[Result "1/2-1/2"]
[WhiteElo "2596"]
[BlackElo "2541"]
[Annotator "TA"]
[PlyCount "39"]
[EventDate "2018.??.??"]
[EventType "tourn"]
[EventCountry "CRO"]
[SourceTitle "playchess.com"]
[Source "ChessBase"]
[SourceQuality "1"]

{[%evp 38,39,20,0]} 1. e4 c5 2. Nf3 Nc6 3. d4 cxd4 4. Nxd4 g6 5. c4 Bg7 6. Be3 Nf6 7. Nc3 d6 8. Be2 O-O 9. O-O Bd7 10. Qd2 Nxd4 11. Bxd4 Bc6 12. f3 a5 13. b3 Nd7 14. Be3 Nc5 15. Rab1 Qb6 16. Rfc1 Rfc8 17. Rc2 Qb4 18. Qc1 Qb6 {[#]} 19. Qd2 $146 ({Predecessor:} 19. Kh1 h5 20. a3 Qd8 21. Qd2 Kh7 22. Bf1 Qf8 23. b4 axb4 24. axb4 Na4 25. Ne2 {1-0 (55) Navara,D (2734)-Mamedov,R (2650) Huaian 2016}) 19... Qb4 {B38: Sicilian: Maroczy Bind with 5...Bg7 and 7...0-0} 20. Qc1 {LiveBook: 74 Games} 1/2-1/2

[Event "CRO-ch Men 2018"]
[Site "Pozega"]
[Date "2018.04.20"]
[Round "4.5"]
[White "Jovanovic, Zoran"]
[Black "Kozul, Zdenko"]
[Result "1/2-1/2"]
[WhiteElo "2536"]
[BlackElo "2611"]
[Annotator "TA"]
[PlyCount "91"]
[EventDate "2018.??.??"]
[EventType "tourn"]
[EventCountry "CRO"]
[SourceTitle "playchess.com"]
[Source "ChessBase"]
[SourceQuality "1"]

{[%evp 18,91,0,0,37,24,59,41,46,38,37,44,59,50,68,66,64,62,66,52,91,87,107,100,147,134,133,134,145,101,101,63,55,37,69,59,89,37,37,37,37,37,37,37,37,37,37,37,37,37,37,37,37,37,37,37,37,37,37,37,37,37,37,37,37,37,37,37,37,37,37,37,151,37,151,37]} 1. e4 c5 2. Nf3 e6 3. g3 b6 (3... Nc6 4. Bg2 Nf6 5. d3 d5 6. Nbd2 Be7 7. O-O O-O 8. Re1 b5 9. e5 Nd7 10. Nf1 Bb7 11. h4 Qc7 12. Bf4 Rfc8 13. Ne3 Qd8 14. Ng4 Bf8 15. Bg5 Qe8 16. c3 h6 17. Bf4 a5 18. Qd2 b4 19. c4 Ne7 20. h5 {1-0 (59) Kuzubov,Y (2699)-Grischuk,A (2772) Riadh 2017}) 4. Bg2 Bb7 5. Qe2 Nf6 6. d3 {B40: Sicilian: 2...e6, Unusual lines} d6 7. O-O Be7 8. c4 Nc6 9. Rd1 $146 ({Find the theoretical novelty and annotate with similar games:} 9. Nc3 O-O 10. Rd1 Nd4 11. Nxd4 cxd4 12. Nb1 Nd7 13. Nd2 Nc5 14. f4 e5 15. Nf3 Qc7 16. f5 Bc6 17. Bd2 a5 {1-0 (72) Djurhuus,R (2456)-Gronn,A (2310) Hamar 2007}) 9... e5 10. Nc3 {LiveBook: 3 Games} h5 11. Nd5 Nd7 12. a3 Nf8 13. b4 {[%cal Bb2b4,Bb4b5][%mdl 32]} Ne6 14. Be3 g5 15. h3 Bc8 16. b5 Na5 17. Rab1 Nb7 18. a4 Bd7 19. Rb2 f6 20. Nh2 Nd4 21. Bxd4 $1 cxd4 {[#]} 22. Bf3 $1 h4 23. Bg4 Kf7 24. Bxd7 (24. Ra2 {NOTEXT} Kg7 25. Kg2 Be8 26. Nf3 hxg3 27. fxg3 Bf7 28. Rh1) 24... Qxd7 25. g4 Rhc8 26. Ra1 Bd8 {[#]} 27. Nb4 (27. f4 $1 $16) 27... Nc5 $14 28. Nf3 a5 29. Nd5 Rab8 30. Nd2 Ne6 31. Qf3 Ng7 32. Nb3 Rb7 33. Rf1 Be7 34. Nc1 Rbb8 35. Qd1 Ne6 36. Ne2 Rh8 37. Qb3 Nc5 38. Qa3 Ne6 39. Qa2 Kg7 40. Nc1 Bd8 41. Nb3 Rc8 42. Qb1 Rf8 43. Qd1 Kg6 44. Rc2 Rc5 ({Better is} 44... Kh7 $14) 45. Qf3 (45. Nxc5 $16 dxc5 46. f3) 45... Ng7 ({Black should play} 45... Rc8 $1 $14) 46. Rfc1 {Precision: White = 73%, Black = 43%.} ({White should try} 46. Nxc5 $16 dxc5 47. Rcc1) 1/2-1/2

[Event "CRO-ch Men 2018"]
[Site "Pozega"]
[Date "2018.04.20"]
[Round "4.6"]
[White "Palac, Mladen"]
[Black "Fercec, Nenad"]
[Result "1/2-1/2"]
[WhiteElo "2551"]
[BlackElo "2446"]
[Annotator "TA"]
[PlyCount "81"]
[EventDate "2018.??.??"]
[EventType "tourn"]
[EventCountry "CRO"]
[SourceTitle "playchess.com"]
[Source "ChessBase"]
[SourceQuality "1"]

{[%evp 36,81,30,25,41,36,76,64,85,79,117,108,125,125,125,135,140,104,236,83,104,101,157,158,158,168,156,152,330,329,467,106,117,0,0,0,283,279,277,-11,-13,-37,-42,-54,-87,-193,-163,-206]} 1. e4 e5 2. Nf3 Nc6 3. Bb5 a6 4. Ba4 Nf6 5. O-O Be7 6. Re1 b5 7. Bb3 d6 8. c3 O-O 9. h3 Nb8 10. d4 Nbd7 11. Bc2 Bb7 12. Nbd2 Re8 13. a4 Bf8 14. Bd3 c6 15. Qc2 g6 16. b3 {[%cal Bb2b3,Bb3b4][%mdl 32]} Bg7 {C95: Closed Ruy Lopez: Breyer Variation with 10 d4} 17. Bb2 Nh5 (17... Qc7 18. b4 Nh5 19. Bf1 Nf4 20. dxe5 Nxe5 21. Nxe5 Bxe5 22. c4 Bxb2 23. Qxb2 bxa4 24. c5 {1-0 (50) Smirin,I (2676)-Efimenko,Z (2655) Warsaw 2016}) 18. Bf1 Nf4 19. b4 {LiveBook: 5 Games} Nb6 20. axb5 $146 ({Predecessor:} 20. a5 Na4 21. dxe5 Nxb2 22. Qxb2 dxe5 23. Nb3 Ne6 24. c4 {0-1 (45) Van der Nat,N (2348)-Kunte,A (2483) New Delhi 2015}) 20... axb5 21. Rxa8 Bxa8 22. dxe5 dxe5 23. c4 bxc4 24. Nxc4 (24. Bxc4 $6 Nxc4 25. Qxc4 Nd3 $11) 24... Nxc4 25. Bxc4 Qe7 26. Qb3 h6 {[#]} (26... Rb8 $16) 27. h4 $2 (27. Nxe5 $1 $18 {[%cal Rc4f7][%mdl 512] has better winning chances.} Bxe5 28. Bxe5 Qxe5 29. Bxf7+ Kh7 30. Bxe8 Qxe8 31. Ra1) 27... Rb8 28. Bc3 Bb7 (28... Kh7 $142) 29. g3 $16 Nh3+ 30. Kg2 Bc8 31. Rh1 Qa7 $2 (31... g5 $16 32. Rxh3 g4) 32. Qb2 Qd7 (32... Kh7 $142 33. Rxh3 Bxh3+ 34. Kxh3 f6) 33. Qe2 $2 (33. Nxe5 $18 {and the rest is easy.} Nf4+ 34. Kg1 (34. gxf4 Bxe5 35. f5 Bxc3 $16) 34... Bxe5 35. Bxe5 Qd1+ 36. Bf1 Nh3+ 37. Kh2) 33... Qg4 {aiming for ...Nf4+.} 34. Qe3 (34. Bxe5 Bxe5 35. Nxe5 Nf4+ 36. Kf1 Nxe2 $17) (34. Kf1 $1 $16) 34... Nf4+ $1 $11 35. Kg1 {Strongly threatening b5.} Be6 $2 {[%mdl 8192] [#]} (35... Nd5 $1 $11 {and Black is okay.} 36. exd5 (36. Bxd5 cxd5 37. Bxe5 Bxe5 $11) 36... Qxc4) 36. Bf1 $1 $18 ({Worse is} 36. Bxe5 Rxb4 37. Bxe6 Nxe6 $11) ({Don't take} 36. Nxe5 $6 Bxe5 37. Bxe5 Rxb4 $16) 36... f6 {[%cal Bf7f6,Bf6f5][%mdl 32] [#]} 37. Rh2 $2 (37. Nh2 $1 $18 {[%cal Rh2g4]} Nh3+ 38. Bxh3 Qd1+ 39. Nf1 Bxh3 40. Rxh3) 37... Rd8 $36 {[%mdl 2048] Hoping for ...Rd1. Black has good play.} 38. Kh1 Rd1 {( -> ...Qxf3+!)} 39. Ne1 $1 f5 $1 {[%cal Rf5e4] Threatens to win with ...fxe4.} 40. gxf4 (40. b5 $17 fxe4 41. b6) 40... exf4 $19 41. Qc5 {Precision: White = 44%, Black = 32%.} 1/2-1/2